Vietnamese scientific & Technogical Abstracts /
সংরক্ষণ করুন:
| সংস্থা লেখক: | |
|---|---|
| বিন্যাস: | পত্রিকা |
| ভাষা: | Vietnamese |
| প্রকাশিত: |
h.:
,
|
| ট্যাগগুলো: |
ট্যাগ যুক্ত করুন
কোনো ট্যাগ নেই, প্রথমজন হিসাবে ট্যাগ করুন!
|
| Thư viện lưu trữ: | Thư viện Trường Đại học Đà Lạt |
|---|
| LEADER | 00558nam a2200205 4500 | ||
|---|---|---|---|
| 001 | DLU050049357 | ||
| 040 | # | # | |a DLU |b vie |
| 041 | # | # | |a vie |
| 110 | # | # | |a National centre for scientific and technological information |
| 245 | # | # | |a Vietnamese scientific & Technogical Abstracts / |c National centre for scientific and technological information |
| 260 | # | # | |a h.: |b , |
| 300 | # | # | |a tr.; |c 24cm |
| 994 | # | # | |a DLU |
| 900 | # | # | |a True |
| 911 | # | # | |a Nguyễn Thị Yên |
| 925 | # | # | |a G |
| 926 | # | # | |a A |
| 927 | # | # | |a TT |
| 980 | # | # | |a Thư viện Trường Đại học Đà Lạt |